El ALCA y sus peligros para América Latina /
Gorde:
| Egile nagusia: | |
|---|---|
| Beste egile batzuk: | , , , , , , , , , |
| Formatua: | Ezezaguna |
| Argitaratua: |
Buenos Aires:
CLACSO
|
| Gaiak: | |
| Etiketak: |
Etiketa erantsi
Etiketarik gabe, Izan zaitez lehena erregistro honi etiketa jartzen!
|
MARC
| LEADER | 00000 a2200000 04500 | ||
|---|---|---|---|
| 001 | 34796 | ||
| 003 | |||
| 008 | 991231s d | ||
| 040 | |||
| 020 | |a 987-1183-16-X | ||
| 022 | |a 987-1183-16-X | ||
| 090 | |a 0001 E79a | ||
| 100 | |a Estay, Jaime | ||
| 245 | |a El ALCA y sus peligros para América Latina / |c Jaime Estay | ||
| 260 | |a Buenos Aires: |b CLACSO | ||
| 300 | |a 394 p. | ||
| 650 | |a ALCA | ||
| 650 | |a POLITICA | ||
| 650 | |a GLOBALIZACION | ||
| 650 | |a PROPIEDAD INTELECTUAL | ||
| 650 | |a AMERICA LATINA | ||
| 700 | |a | ||
| 700 | |a Sánchez, Germán | ||
| 700 | |a | ||
| 700 | |a Ruiz - Caro, Ariela | ||
| 700 | |a Sastre, Angelo | ||
| 700 | |a Ghiotto, Luciana | ||
| 700 | |a Gentili, Rafael | ||
| 700 | |a Delgado, Eric | ||
| 700 | |a Sosa Iglesias, José Eugenio | ||
| 700 | |a Ortiz Guerrero, César Enrique | ||
| 700 | |a Estigarribia, Lucía Elizabeth | ||
| 700 | |a Gastón de Marsillo, Ernesto | ||
| 999 | |c 13700 |d 13700 | ||



